Monseñor de Meriño íntimo / (Registro nro. 8004)

Detalles MARC
000 -LIDER
fixed length control field 00948nam a2200277 a 4500
001 - NÚMERO DE CONTROL
Identificador de número de control 000021610
003 - IDENTIFICACDOR DE NÚMERO DE CONTROL
control field DO-SdBNP
005 - DATE AND TIME OF LATEST TRANSACTION
control field 20171011102425.0
007 - CAMPOS FIJOS DE DESCRIPCIÓN FÍSICA
fixed length control field 000021610
008 - ELEMENTOS DE LONGITUD FIJA
fixed length control field 100909s1975 dr 000 0 spa d
040 ## - FUENTE DE CATALOGACIÓN
Agencia que crea de manera original el registro BPMSU
Idioma de catalogación spa
Agencia que realiza la transcripción BPMSU
082 ## - NÚMERO DE CLASIFICACIÓN DECIMAL DE DEWEY
Classification number 922.2
Item number M562zF
100 1# - ASIENTO PRINCIPAL -- NOMBRE PERSONAL
Nombre personal Francasci, Amelia
245 10 - MENCIÓN DE TITULO
Título Monseñor de Meriño íntimo /
Mención de responsabilidad Amelia Francasci ; prólogo Hugo Eduardo Polanco Brito.
260 ## - PUBLICACIÓN, DISTRIBUCIÓN, ETC. (PIE DE IMPRENTA)
Lugar de publicación, distribución, etc Santo Domingo :
Nombre del editor, distribuidor, etc. Librería Dominicana,
Fecha de publicación, distribución, etc 1975.
300 ## - DESCRIPCIÓN FÍSICA
Extensión 300 p. ;
Dimensiones 21 cm.
490 1# - MENCIÓN DE SERIES
Mención de serie Pensamiento dominicano
Volume/sequential designation ; 53
600 14 - ENCABEZAMIENTO DE MATERIA--NOMBRE PERSONAL
Nombre personal MERIÑO, FERNANDO ARTURO DE,
Fechas asociadas con el nombre 1833-1906.
610 24 - ENCABEZAMIENTO DE MATERIA--NOMBRE CORPORATIVO
Unidad subordinada IGREJA CATÓLICA. ARQUIDIOCESIS DE SANTO DOMINGO (REPÚBLICA DOMINICANA)
700 1# - ASIENTO SECUNDARIO -- NOMBRE PERSONAL
Nombre personal Polanco Brito, Hugo Eduaro
Mención de responsabilidad pról.
830 #0 - ASIENTO SECUNDARIO DE SERIE--TÍTULO UNIFORME
Título uniforme Pensamiento dominicano
Número de la parte o sección de una obra ; 53
910 ## - VALIDACIÓN
Validación Validado. Control de calidad MFF
942 ## - ADDED ENTRY ELEMENTS (KOHA)
Source of classification or shelving scheme Dewey Decimal Classification
Koha item type Libros
945 ## - INFORMACIÓN DE PROCESAMIENTO LOCAL
Información de procesamiento local Invetariado / 2017 VM
956 ## - LOCAL ELECTRONIC LOCATION AND ACCESS (OCLC)
Nombre de host VMATEO
Número de acceso 10
Información de compresión 20150722
Inicio de sesión BPMSU
Procesador de solicitud 00151
Existencias
Withdrawn status Lost status Source of classification or shelving scheme Damaged status Not for loan Collection code Home library Current library Date acquired Total Checkouts Full call number Barcode Date last seen Price effective from Koha item type
    Dewey Decimal Classification     Colección Dominicana Biblioteca Pública Metropolitana Salomé Ureña Biblioteca Pública Metropolitana Salomé Ureña 07/23/2015   922.2 M562zF BPMSU15070347 07/23/2015 07/23/2015 Libros